Sports Quiz

Random Sports or Football Quiz

NFL Career Receiving Yards Leaders Quiz Stats

 Plays Quiz Updated Jan 4, 2021

Support Sporcle.
Go Orange.
Score 0/33 Timer 06:00
26 Plays Today
Yards Receiver % Correct
22,895Jerry Rice
97.7%
15,292Randy Moss
90.9%
15,934Terrell Owens
86.5%
11,619Calvin Johnson
86.1%
12,896*Julio Jones
82.2%
11,746*Antonio Brown
82.2%
14,580Marvin Harrison
74.5%
14,731Steve Smith
74%
12,287Jimmy Smith
70.6%
13,899Cris Carter
67.1%
13,046*Jason Witten
66%
14,934Tim Brown
65%
13,382Torry Holt
60.3%
11,904Michael Irvin
59.7%
15,208Isaac Bruce
59.4%
15,127Tony Gonzalez
58.6%
13,089Steve Largent
48.1%
Yards Receiver % Correct
13,198Andre Reed
43.9%
14,185Andre Johnson
43%
17,482*Larry Fitzgerald
42.4%
12,721Art Monk
42.1%
14,345Reggie Wayne
39.2%
13,779Anquan Boldin
32.5%
12,083Hines Ward
32%
11,438Muhsin Muhammad
29.3%
11,841Antonio Gates
28.7%
12,351Brandon Marshall
27.7%
12,061Derrick Mason
26.8%
14,004James Lofton
23.7%
12,785Irving Fryar
23.4%
13,777Henry Ellard
17.3%
12,146Charlie Joiner
17.1%
11,834Don Maynard
17%

From the Vault

Cincinnati Reds 25+ HRs Single Season

by jgrub7

Sports 8m
We're all about that long ball.
Remove Ads.
Support Sporcle.
Get the best of Sporcle when you Go Orange. This ad-free experience offers more features, more stats, and more fun while also helping to support Sporcle. Thank you for becoming a member.

Show Comments

Extras

Top Quizzes Today


Score Distribution

Your Account Isn't Verified!

In order to create a playlist on Sporcle, you need to verify the email address you used during registration. Go to your Sporcle Settings to finish the process.

Report this User

Report this user for behavior that violates our Community Guidelines.

Details: